Name the Cartoon Characters (Photos) - Statistics

General Stats
  • This quiz has been taken 591 times
    584 since last reset
  • The average score is 15 of 20
Answer Stats
Picture Answer % Correct
{Minnie} {Mouse}
96%
{Donald} {Duck}
95%
Mario
93%
Pinocchio
93%
The {Pink} {Panther}
91%
Tinkerbell
90%
The {Hulk}
88%
Woody
88%
Popeye
84%
The {Grinch}
83%
{Winnie} The {Pooh}
81%
{Homer} {Simpson}
76%
{Charlie} {Brown} and {Snoopy}
71%
{Little} {Red} {Riding} {Hood}
71%
{Harley} {Quinn}
68%
{Yogi} {Bear}
59%
The {Cheshire} {Cat}
54%
{Garfield} and {Odie}
39%
Gumby
29%
{Fred} {Flinstone} and {Barney} {Rubble}
15%
No matching quizzes found
Score Distribution
Percent of People with Each Score
Percentile by Number Answered
Your Score History
You have not taken this quiz since the last reset